| 000 | 00740cab a22001935a 4500 | ||
|---|---|---|---|
| 001 | L150662 | ||
| 008 | 100810e20100805xxk 000 0 eng d | ||
| 035 | _a(Sirsi) u150662 | ||
| 041 | 0 | _aeng | |
| 100 | 1 | _aWhitten, Nick | |
| 245 | 0 | 0 |
_aTurn waste into a resource _bthe government wants the UK to be a zero-waste economy with up to 2,300 new facilities built |
| 260 | _c2010 | ||
| 490 |
_aConstruction News _v(7179) 5 August 2010, 26-27(2) |
||
| 520 | _aOverview of government target; graph showing UK municipal waste disposal 2004-2008; a list of the top 30 waste projects yet to have contracts awarded. | ||
| 590 | _aKA | ||
| 651 | 4 |
_aUnited Kingdom _y |
|
| 690 | _aENVIRONMENTAL AND LAND CONSULTANCY-WASTE MANAGEMENT | ||
| 942 | _n0 | ||
| 999 |
_c82600 _d82600 |
||